Subestación auxiliar /

Uloženo v:
Podrobná bibliografie
Hlavní autor: Rodríguez Martínez, Kenya (autor)
Další autoři: Valencia Tamayo, Carmiña María Guadalupe (autor) (autor)
Médium: Diplomová práce Kniha
Jazyk:španělština
Témata:
Tagy: Přidat tag
Žádné tagy, Buďte první, kdo vytvoří štítek k tomuto záznamu!

MARC

LEADER 00000nam^a2200000^a^4500
001 000111177
005 20250521000000.0
009 20260310093822.612
037 |a Acervo ITESO - Biblioteca 
041 |a ESP 
090 |a ARQ. 520 
100 |a Rodríguez Martínez, Kenya  |e (autor) 
245 1 0 |a Subestación auxiliar /  |c K. Rodríguez Martínez, C.M.G. Valencia Tamayo. 
264 |a Guadalajara, México :  |b edición de autor,  |c 2000 
300 |a 111 p. 
336 |a texto  |b txt  |2 rdacontenido 
337 |a sin mediación  |b n  |2 rdamedio 
338 |a volumen  |b nc  |2 rdasoporte 
502 |a ITESO Tesis de Licenciatura en Arquitectura 
649 |a XX 
650 |a Albergues 
650 |a Diseño Arquitectónico 
650 |a Materiales Prefabricados 
650 |a Materiales de Construcción 
650 |a Construcción 
650 |a Arquitectura 
650 |a Ingeniería Civil 
650 |a Desastres 
650 |a Desastres Naturales 
700 |a Valencia Tamayo, Carmiña María Guadalupe  |e (autor) 
910 |a Fondo General 
920 |a Impresos - Tesis del ITESO 
930 |a Colección General 
905 |a 104 
901 |a 0500048535  |b IT2  |c TSS  |u 20250521 
902 |a https://opac.biblio.iteso.mx/vufind/Record/000111177